000 00381nam a2200157Ia 4500
003 LK-CoDNM
008 010623t1903 xxu||||| |||| 00| 1 eng d
040 _aLK-CoDNM
_dLK-CoDNM
_eLK-CoDNM
041 _aeng
080 _a50
_bB 2
100 _aEaton,J.H.
245 _aA Death-Bed sketch
260 _bDickoya Press
_aKandy
_c1903
300 _b7P., 20 260: 3rd cm
942 _cBK
999 _c85558
_d85558